000 00553nam a2200181Ia 4500
008 090124s9999 xx 000 0 und d
082 _b27106
_a3566
100 _aपोतदार कृष्णा
245 _a चैतन्याची पाने
250 _a1
260 _c1993
300 _a92
600 _aपोतदार कृष्णा
630 _a चैतन्याची पाने
700 _aपोतदार कृष्णा
730 _a चैतन्याची पाने
942 _cBOOK
999 _c140574
_d140574